Statistics for Jack Quiz

Click here to take the quiz!

General Stats

  • This quiz has been taken 4 times
  • The average score is 7 of 10

Answer Stats

QuestionAnswer% Correct
Jack recently achieved a test grade in his biology test, what was it?45%
100%
Which Battle Royale game inspired Jack's life?Fortnite
100%
Which humanity did Jack drop at GCSEGeography
100%
What is Jack's overwatch level?Gold
100%
What is Jack's dad calledAnthony
50%
Which of these is the name of a friend of JackBen
50%
Jack was born in which month?December
50%
Jack has heritage from which Asian country?Mongolia
50%
Which of these is the name of someone who isn't friends with JackScott
50%
What is Jack's favourite food?sushi
50%

Score Distribution

Percentile by Number Answered

Percent of People with Each Score

Your Score History

You have not taken this quiz